Hetven külföldi ügyvéd különös látogatása Budapesten

Elmentve itt :
Bibliográfiai részletek
Szerző: Király Ferenc
Dokumentumtípus: Cikk
Megjelent: 1926
Sorozat:Polgári jog : a hazai és külföldi magánjog és hiteljog szemléje 2
Kulcsszavak:Jogtudomány nemzetközi
Online Access:http://misc.bibl.u-szeged.hu/4302
LEADER 00637nab a2200169 i 4500
001 misc4302
005 20191106143057.0
008 170607s1926 hu o 0|| hun d
040 |a SZTE Miscellanea Repozitórium  |b hun 
041 |a hun 
100 1 |a Király Ferenc 
245 1 0 |a Hetven külföldi ügyvéd különös látogatása Budapesten  |h [elektronikus dokumentum] /  |c  Király Ferenc 
260 |c 1926 
300 |a 264-265a 
490 0 |a Polgári jog : a hazai és külföldi magánjog és hiteljog szemléje  |v 2 
695 |a Jogtudomány nemzetközi 
856 4 0 |u http://misc.bibl.u-szeged.hu/4302/1/polgari_jog_1926_264-265a.pdf  |z Dokumentum-elérés